000 00756nam0a22002291 4500
001 rc\2611108
005 20250623134726.0
035 _a(NLR Aleph) 006774977
090 _a5984104
_c5984104
100 _a20110914d1930 |||y0rusy50 ca
101 0 _arus
102 _aRU
105 _ay z |||||
200 1 _aФабрично-заводское изобретательство
_fА. Гельбрас
210 _aМосква
_aЛенинград
_cГос. изд-во
_d1930
_eМосква
_gтип. "Красный пролетарий"
215 _a60, [2] с., [2] с. объявл.
_d17х12 см.
700 1 _aГельбрас
_bА.
801 0 _aRU
_bNLR
_gpsbo
801 1 _aRU
_bELAR
_2rusmarc
852 _aNLR
_j30.8/3264
942 _cBOOK
980 _aNB